[Event "1st 4NCL Easter Congress"]
[Site "Stevenage"]
[Date "2019.04.22"]
[Round "7"]
[Board "4"]
[White "Derakhshani, Borna"]
[Black "Walker, Martin G"]
[Result "1/2-1/2"]
[WhiteElo "2316"]
[BlackElo "2166"]
[PlyCount "0"]
[EventDate "2019.04.19"]
[EventRounds "7"]
[EventCountry "ENG"]

1. Nf3 {[%clk 01:24:27]} {[%emt 00:06:32]} Nf6 {[%clk 01:30:55]} {[%emt
00:00:05]} 2. b3 {[%clk 01:22:52]} {[%emt 00:02:05]} d5 {[%clk 01:30:29]}
{[%emt 00:00:56]} 3. Bb2 {[%clk 01:23:13]} {[%emt 00:00:10]} e6 {[%clk
01:30:53]} {[%emt 00:00:06]} 4. e3 {[%clk 01:22:45]} {[%emt 00:00:58]} Bd6
{[%clk 01:30:44]} {[%emt 00:00:39]} 5. Be2 {[%clk 01:20:24]} {[%emt 00:02:51]}
O-O {[%clk 01:30:59]} {[%emt 00:00:15]} 6. O-O {[%clk 01:20:24]} {[%emt
00:00:29]} Nbd7 {[%clk 01:30:43]} {[%emt 00:00:46]} 7. c4 {[%clk 01:16:07]}
{[%emt 00:04:48]} c6 {[%clk 01:31:05]} {[%emt 00:00:08]} 8. Nc3 {[%clk
01:14:01]} {[%emt 00:02:37]} Qc7 {[%clk 01:24:45]} {[%emt 00:06:50]} 9. d4
{[%clk 01:10:20]} {[%emt 00:04:10]} Re8 {[%clk 01:21:06]} {[%emt 00:04:09]} 10.
Rc1 {[%clk 01:08:45]} {[%emt 00:02:06]} Ne4 {[%clk 01:06:55]} {[%emt 00:14:41]}
11. Qc2 {[%clk 01:01:54]} {[%emt 00:07:21]} Nxc3 {[%clk 00:52:49]} {[%emt
00:14:36]} 12. Qxc3 {[%clk 01:00:00]} {[%emt 00:02:24]} Nf6 {[%clk 00:53:02]}
{[%emt 00:00:16]} 13. Bd3 {[%clk 00:58:34]} {[%emt 00:01:56]} Bf8 {[%clk
00:45:07]} {[%emt 00:08:25]} 14. Qc2 {[%clk 00:52:35]} {[%emt 00:06:30]} g6
{[%clk 00:44:56]} {[%emt 00:00:41]} 15. Ne5 {[%clk 00:52:03]} {[%emt 00:01:01]}
Bg7 {[%clk 00:45:11]} {[%emt 00:00:15]} 16. f4 {[%clk 00:50:07]} {[%emt
00:02:25]} Nd7 {[%clk 00:45:27]} {[%emt 00:00:14]} 17. h4 {[%clk 00:44:32]}
{[%emt 00:06:06]} f5 {[%clk 00:41:17]} {[%emt 00:04:40]} 18. h5 {[%clk
00:41:39]} {[%emt 00:03:23]} Nxe5 {[%clk 00:36:11]} {[%emt 00:05:35]} 19. fxe5
{[%clk 00:41:22]} {[%emt 00:00:48]} Bh6 {[%clk 00:35:38]} {[%emt 00:01:03]} 20.
Rce1 {[%clk 00:39:09]} {[%emt 00:02:44]} Qe7 {[%clk 00:35:46]} {[%emt
00:00:22]} 21. hxg6 {[%clk 00:37:28]} {[%emt 00:02:11]} hxg6 {[%clk 00:36:09]}
{[%emt 00:00:06]} 22. Rf3 {[%clk 00:36:15]} {[%emt 00:01:45]} Bd7 {[%clk
00:32:35]} {[%emt 00:04:04]} 23. Qc1 {[%clk 00:23:38]} {[%emt 00:13:06]} Kf7
{[%clk 00:18:27]} {[%emt 00:14:38]} 24. Ba3 {[%clk 00:22:44]} {[%emt 00:01:25]}
Qg5 {[%clk 00:15:11]} {[%emt 00:03:45]} 25. Qc3 {[%clk 00:20:28]} {[%emt
00:02:46]} Bf8 {[%clk 00:14:52]} {[%emt 00:00:49]} 26. Bc1 {[%clk 00:18:52]}
{[%emt 00:02:06]} Be7 {[%clk 00:12:20]} {[%emt 00:03:02]} 27. e4 {[%clk
00:07:21]} {[%emt 00:12:02]} Qg4 {[%clk 00:12:38]} {[%emt 00:00:12]} 28. Be2
{[%clk 00:06:11]} {[%emt 00:01:40]} Bh4 {[%clk 00:06:09]} {[%emt 00:06:57]} 29.
Ref1 {[%clk 00:05:01]} {[%emt 00:01:41]} dxe4 {[%clk 00:04:55]} {[%emt
00:01:44]} 30. Re3 {[%clk 00:05:01]} {[%emt 00:00:30]} Qg5 {[%clk 00:05:19]}
{[%emt 00:00:05]} 31. Rxe4 {[%clk 00:05:01]} {[%emt 00:00:31]} Qe7 {[%clk
00:05:44]} {[%emt 00:00:04]} 32. Re3 {[%clk 00:03:16]} {[%emt 00:02:16]} Rh8
{[%clk 00:05:39]} {[%emt 00:00:34]} 33. Ref3 {[%clk 00:02:46]} {[%emt
00:01:00]} Bg5 {[%clk 00:05:40]} {[%emt 00:00:28]} 34. Bb2 {[%emt 00:00:39]}
Rh4 {[%clk 00:05:40]} 35. Rh3 {[%clk 00:02:05]} {[%emt 00:01:32]} Rah8 {[%clk
00:05:59]} {[%emt 00:00:10]} 36. Rxh4 {[%clk 00:02:34]} {[%emt 00:00:01]} Rxh4
{[%clk 00:06:20]} {[%emt 00:00:10]} 37. Qg3 {[%clk 00:02:34]} {[%emt 00:00:31]}
Re4 {[%clk 00:06:27]} {[%emt 00:00:23]} 38. Bf3 {[%clk 00:02:21]} {[%emt
00:00:43]} Be3+ {[%clk 00:06:31]} {[%emt 00:00:25]} 39. Rf2 {[%clk 00:02:42]}
{[%emt 00:00:10]} Qh4 {[%clk 00:06:52]} {[%emt 00:00:08]} 40. Qxh4 {[%clk
00:02:27]} {[%emt 00:00:45]} Rxh4 {[%clk 00:07:16]} {[%emt 00:00:06]} 41. d5
{[%clk 00:02:56]} {[%emt 00:00:02]} Bxf2+ {[%clk 00:06:38]} {[%emt 00:01:07]}
42. Kxf2 {[%clk 00:03:25]} Rh1 {[%clk 00:06:21]} {[%emt 00:00:47]} 43. Bd4
{[%clk 00:03:26]} {[%emt 00:00:29]} cxd5 {[%clk 00:05:12]} {[%emt 00:01:38]} 44.
cxd5 {[%clk 00:03:55]} {[%emt 00:00:02]} b6 {[%clk 00:05:35]} {[%emt 00:00:07]}
45. d6 {[%clk 00:04:18]} {[%emt 00:00:07]} Rc1 {[%clk 00:05:30]} {[%emt
00:00:35]} 46. Ke3 {[%clk 00:04:43]} {[%emt 00:00:06]} g5 {[%clk 00:05:04]}
{[%emt 00:00:56]} 47. Kd2 {[%clk 00:04:57]} {[%emt 00:00:16]} Rc8 {[%clk
00:05:25]} {[%emt 00:00:08]} 48. a4 {[%clk 00:05:13]} {[%emt 00:00:15]} Bc6
{[%clk 00:05:30]} {[%emt 00:00:25]} 49. Bh5+ {[%clk 00:05:34]} {[%emt
00:00:08]} Kg7 {[%clk 00:05:36]} {[%emt 00:00:24]} 50. g4 {[%clk 00:05:20]}
{[%emt 00:00:45]} f4 {[%clk 00:03:55]} {[%emt 00:02:11]} 51. a5 {[%clk
00:05:49]} {[%emt 00:00:02]} Rb8 {[%clk 00:03:14]} {[%emt 00:01:10]} 52. axb6
{[%clk 00:05:44]} {[%emt 00:00:35]} axb6 {[%clk 00:03:38]} {[%emt 00:00:06]} 53.
b4 {[%clk 00:05:50]} {[%emt 00:00:24]} f3 {[%clk 00:02:45]} {[%emt 00:01:23]}
54. Ke3 {[%clk 00:06:17]} {[%emt 00:00:03]} Rf8 {[%clk 00:02:45]} {[%emt
00:00:30]} 55. Kf2 {[%clk 00:06:46]} Rf4 {[%clk 00:03:00]} {[%emt 00:00:15]} 56.
b5 {[%clk 00:06:08]} {[%emt 00:01:09]} Bxb5 {[%clk 00:02:49]} {[%emt 00:00:40]}
57. Be3 {[%clk 00:06:37]} Re4 {[%clk 00:01:48]} {[%emt 00:01:31]} 58. Kxf3
{[%clk 00:07:06]} {[%emt 00:00:01]} Bc6 {[%clk 00:02:05]} {[%emt 00:00:13]} 59.
Bxg5 {[%clk 00:06:49]} {[%emt 00:00:48]} Rxe5+ {[%clk 00:02:14]} {[%emt
00:00:21]} 60. Kf4 {[%clk 00:07:18]} Re4+ {[%clk 00:02:34]} {[%emt 00:00:10]}
61. Kg3 {[%clk 00:07:33]} {[%emt 00:00:15]} e5 {[%clk 00:01:37]} {[%emt
00:01:27]} 62. Be7 {[%clk 00:08:02]} b5 {[%clk 00:01:42]} {[%emt 00:00:25]} 63.
g5 {[%clk 00:08:30]} {[%emt 00:00:02]} Rf4 {[%clk 00:02:01]} {[%emt 00:00:12]}
64. Bg4 {[%clk 00:08:09]} {[%emt 00:00:52]} b4 {[%clk 00:02:13]} {[%emt
00:00:18]} 65. d7 {[%clk 00:07:58]} {[%emt 00:00:41]} Rxg4+ {[%clk 00:02:23]}
{[%emt 00:00:18]}  1/2-1/2

[Event "1st 4NCL Easter Congress"]
[Site "Stevenage"]
[Date "2019.04.22"]
[Round "7"]
[Board "5"]
[White "Willow, Jonah B"]
[Black "Miller, Dominic"]
[Result "1-0"]
[WhiteElo "2302"]
[BlackElo "2164"]
[PlyCount "0"]
[EventDate "2019.04.19"]
[EventRounds "7"]
[EventCountry "ENG"]

1. e4 {[%clk 01:30:58]} e5 {[%clk 01:30:55]} {[%emt 00:00:05]} 2. Nf3 {[%clk
01:31:18]} {[%emt 00:00:11]} Nc6 {[%clk 01:31:04]} {[%emt 00:00:21]} 3. Nc3
{[%clk 01:31:43]} {[%emt 00:00:04]} Nf6 {[%clk 01:31:29]} {[%emt 00:00:05]} 4.
Bb5 {[%clk 01:32:09]} {[%emt 00:00:04]} Nd4 {[%clk 01:31:53]} {[%emt 00:00:06]}
5. Bc4 {[%clk 01:32:21]} {[%emt 00:00:18]} Bc5 {[%clk 01:31:50]} {[%emt
00:00:32]} 6. d3 {[%clk 01:31:24]} {[%emt 00:01:27]} d6 {[%clk 01:30:53]}
{[%emt 00:01:27]} 7. Na4 {[%clk 01:31:50]} {[%emt 00:00:06]} b5 {[%clk
01:29:05]} {[%emt 00:02:18]} 8. Nxd4 {[%clk 01:32:12]} {[%emt 00:00:08]} bxc4
{[%clk 01:28:50]} {[%emt 00:00:44]} 9. Nf5 {[%clk 01:32:26]} {[%emt 00:00:16]}
Bxf5 {[%clk 01:26:15]} {[%emt 00:03:05]} 10. exf5 {[%clk 01:32:50]} {[%emt
00:00:06]} cxd3 {[%clk 01:19:33]} {[%emt 00:07:11]} 11. Nxc5 {[%clk 01:33:06]}
{[%emt 00:00:14]} dxc5 {[%clk 01:20:00]} {[%emt 00:00:03]} 12. cxd3 {[%clk
01:32:48]} {[%emt 00:00:48]} O-O {[%clk 01:20:16]} {[%emt 00:00:14]} 13. O-O
{[%clk 01:32:51]} {[%emt 00:00:27]} Qd5 {[%clk 01:16:36]} {[%emt 00:04:10]} 14.
Bg5 {[%clk 01:29:24]} {[%emt 00:03:56]} Rad8 {[%clk 01:12:20]} {[%emt
00:04:48]} 15. Qa4 {[%clk 01:27:17]} {[%emt 00:02:37]} Qxd3 {[%clk 01:09:09]}
{[%emt 00:03:40]} 16. Qxa7 {[%clk 01:27:07]} {[%emt 00:00:39]} Qxf5 {[%clk
01:08:48]} {[%emt 00:00:52]} 17. Bxf6 {[%clk 01:22:45]} {[%emt 00:04:52]} Qxf6
{[%clk 01:08:07]} {[%emt 00:01:11]} 18. Qxc5 {[%clk 01:23:00]} {[%emt
00:00:14]} Rd2 {[%clk 01:08:08]} {[%emt 00:00:29]} 19. b4 {[%emt 00:12:28]}
Rfd8 {[%clk 00:58:37]} 20. a4 {[%clk 01:19:53]} {[%emt 00:01:41]} e4 {[%clk
00:42:58]} {[%emt 00:16:08]} 21. Rae1 {[%clk 01:12:48]} {[%emt 00:07:34]} Qd4
{[%clk 00:43:06]} {[%emt 00:00:22]} 22. Qe7 {[%clk 01:11:32]} {[%emt 00:01:47]}
f5 {[%clk 00:34:42]} {[%emt 00:08:55]} 23. Qe6+ {[%clk 01:05:40]} {[%emt
00:06:22]} Kh8 {[%clk 00:35:06]} {[%emt 00:00:05]} 24. Qxf5 {[%clk 01:05:57]}
{[%emt 00:00:14]} Qxb4 {[%clk 00:35:31]} {[%emt 00:00:04]} 25. Rxe4 {[%clk
01:06:08]} R2d4 {[%clk 00:35:22]} {[%emt 00:00:58]} 26. Rxd4 {[%clk 00:56:20]}
{[%emt 00:10:19]} Qxd4 {[%clk 00:35:46]} {[%emt 00:00:06]} 27. a5 {[%clk
00:56:45]} {[%emt 00:00:05]} h6 {[%clk 00:34:07]} {[%emt 00:02:08]} 28. h3
{[%clk 00:54:31]} {[%emt 00:02:44]} Rd5 {[%clk 00:23:15]} {[%emt 00:11:23]} 29.
Qf8+ {[%clk 00:32:55]} {[%emt 00:22:06]} Kh7 {[%clk 00:23:39]} {[%emt
00:00:05]} 30. Qa3 {[%clk 00:33:23]} {[%emt 00:00:03]} Qa7 {[%clk 00:23:50]}
{[%emt 00:00:18]} 31. a6 {[%clk 00:33:00]} {[%emt 00:00:53]} Rd6 {[%clk
00:23:51]} {[%emt 00:00:29]} 32. Ra1 {[%clk 00:33:26]} {[%emt 00:00:05]} Rf6
{[%clk 00:23:58]} {[%emt 00:00:23]} 33. Qe3 {[%clk 00:30:43]} {[%emt 00:03:13]}
Rb6 {[%clk 00:21:40]} {[%emt 00:02:49]} 34. Kh2 {[%clk 00:29:48]} {[%emt
00:01:25]} Kh8 {[%clk 00:21:54]} {[%emt 00:00:14]} 35. Qc5 {[%clk 00:25:11]}
{[%emt 00:05:08]} Kh7 {[%clk 00:22:09]} {[%emt 00:00:15]} 36. Ra2 {[%clk
00:22:46]} {[%emt 00:02:55]} Kg8 {[%clk 00:21:45]} {[%emt 00:00:54]} 37. f4
{[%clk 00:22:25]} {[%emt 00:00:51]}  1-0

[Event "1st 4NCL Easter Congress"]
[Site "Stevenage"]
[Date "2019.04.22"]
[Round "7"]
[Board "6"]
[White "Richardson, John R"]
[Black "Tyomkyn, Mikhail"]
[Result "1-0"]
[WhiteElo "2243"]
[BlackElo "2138"]
[PlyCount "0"]
[EventDate "2019.04.19"]
[EventRounds "7"]
[EventCountry "ENG"]

1. d4 {[%clk 01:30:59]} {[%emt 00:03:32]} Nf6 {[%clk 01:30:51]} {[%emt
00:00:10]} 2. c4 {[%clk 01:31:25]} {[%emt 00:00:04]} g6 {[%clk 01:30:59]}
{[%emt 00:00:22]} 3. g3 {[%clk 01:31:52]} {[%emt 00:00:04]} c6 {[%clk
01:30:34]} {[%emt 00:00:55]} 4. Bg2 {[%clk 01:32:17]} {[%emt 00:00:04]} d5 5.
cxd5 {[%clk 01:32:36]} cxd5 {[%clk 01:31:23]} {[%emt 00:00:05]} 6. Nf3 {[%clk
01:32:55]} {[%emt 00:00:11]} Bg7 {[%clk 01:29:15]} {[%emt 00:02:38]} 7. Nc3
{[%clk 01:33:20]} {[%emt 00:00:04]} O-O {[%clk 01:15:22]} {[%emt 00:14:24]} 8.
Ne5 {[%clk 01:33:47]} e6 {[%clk 01:15:38]} {[%emt 00:00:16]} 9. O-O {[%clk
01:33:13]} Nfd7 {[%clk 01:14:25]} {[%emt 00:02:48]} 10. f4 {[%clk 01:31:20]} f6
{[%clk 01:11:34]} {[%emt 00:05:43]} 11. Nf3 {[%clk 01:25:13]} {[%emt 00:06:38]}
Nc6 {[%clk 01:08:27]} {[%emt 00:03:36]} 12. b3 {[%clk 01:23:08]} {[%emt
00:02:35]} Re8 {[%clk 01:03:51]} {[%emt 00:05:06]} 13. Bb2 {[%clk 01:18:41]}
{[%emt 00:04:57]} Bf8 {[%clk 00:58:17]} {[%emt 00:06:03]} 14. e4 {[%clk
01:12:17]} {[%emt 00:06:55]} dxe4 {[%clk 00:52:43]} {[%emt 00:06:05]} 15. Nxe4
{[%clk 01:11:38]} {[%emt 00:01:09]} Nb6 {[%clk 00:52:30]} {[%emt 00:00:42]} 16.
d5 {[%clk 01:11:34]} {[%emt 00:00:34]} Nxd5 {[%clk 00:52:45]} 17. Nxf6+ {[%clk
01:11:53]} {[%emt 00:00:27]} Nxf6 {[%clk 00:52:38]} {[%emt 00:00:36]} 18. Qxd8
{[%clk 01:12:21]} {[%emt 00:00:03]} Rxd8 {[%clk 00:46:11]} {[%emt 00:06:57]} 19.
Bxf6 {[%clk 01:12:46]} {[%emt 00:00:05]} Bc5+ {[%clk 00:44:28]} 20. Kh1 {[%clk
01:13:15]} {[%emt 00:02:14]} Be7 {[%clk 00:43:35]} {[%emt 00:01:24]} 21. Bxe7
{[%clk 01:01:02]} {[%emt 00:12:43]} Nxe7 {[%emt 00:00:04]} 22. Rfe1 {[%clk
01:00:51]} {[%emt 00:00:38]} Bd7 {[%clk 00:30:16]} {[%emt 00:14:17]} 23. Ng5
{[%clk 00:59:01]} Bc6 {[%clk 00:29:42]} {[%emt 00:03:24]} 24. Rxe6 {[%clk
00:55:25]} Bxg2+ {[%clk 00:26:10]} {[%emt 00:08:08]} 25. Kxg2 {[%clk 00:55:53]}
Rd2+ {[%clk 00:26:10]} 26. Kh3 {[%clk 00:55:53]} Nf5 {[%clk 00:26:10]} 27. Rc1
{[%clk 00:55:53]} Nd4 {[%clk 00:26:10]} 28. Re7 {[%clk 00:55:53]} h6 {[%clk
00:15:57]} {[%emt 00:17:38]} 29. Ne4 {[%clk 00:51:15]} {[%emt 00:01:16]} Ne2
{[%clk 00:11:24]} {[%emt 00:05:01]} 30. Nf6+ {[%clk 00:46:25]} {[%emt
00:05:21]} Kf8 {[%clk 00:11:50]} {[%emt 00:00:04]} 31. Rcc7 {[%clk 00:46:33]}
{[%emt 00:00:21]} Ng1+ {[%clk 00:12:02]} {[%emt 00:00:18]} 32. Kg4 {[%clk
00:46:31]} {[%emt 00:00:33]} h5+ {[%clk 00:12:26]} {[%emt 00:00:06]} 33. Kg5
{[%clk 00:46:36]}  1-0

[Event "1st 4NCL Easter Congress"]
[Site "Stevenage"]
[Date "2019.04.22"]
[Round "7"]
[Board "7"]
[White "Wells, Peter K"]
[Black "Mccullough, Simon L"]
[Result "0-1"]
[WhiteElo "2416"]
[BlackElo "2083"]
[PlyCount "0"]
[EventDate "2019.04.19"]
[EventRounds "7"]
[EventCountry "ENG"]

1. d4 {[%clk 01:30:57]} {[%emt 00:00:02]} Nf6 {[%clk 01:26:34]} {[%emt
00:04:27]} 2. c4 {[%clk 01:31:21]} {[%emt 00:00:05]} e6 {[%clk 01:26:31]}
{[%emt 00:00:33]} 3. Nf3 {[%clk 01:31:45]} {[%emt 00:00:06]} d5 {[%clk
01:26:54]} {[%emt 00:00:07]} 4. g3 {[%clk 01:32:10]} {[%emt 00:00:05]} Be7
{[%clk 01:27:06]} {[%emt 00:00:18]} 5. Bg2 {[%clk 01:32:36]} {[%emt 00:00:04]}
O-O {[%clk 01:27:18]} {[%emt 00:00:19]} 6. O-O {[%clk 01:33:00]} {[%emt
00:00:04]} c6 {[%clk 01:26:40]} {[%emt 00:01:09]} 7. Nc3 {[%clk 01:32:51]}
{[%emt 00:00:39]} b6 {[%clk 01:25:35]} {[%emt 00:01:36]} 8. Ne5 {[%clk
01:29:58]} {[%emt 00:03:23]} Bb7 {[%clk 01:25:01]} {[%emt 00:01:04]} 9. e4
{[%clk 01:29:23]} {[%emt 00:01:05]} dxe4 {[%clk 01:10:06]} {[%emt 00:15:24]} 10.
Nxe4 {[%clk 01:23:31]} {[%emt 00:06:23]} Qc8 {[%clk 01:06:52]} {[%emt
00:03:44]} 11. Bg5 {[%clk 01:08:39]} {[%emt 00:15:22]} Qd8 {[%clk 00:57:24]}
{[%emt 00:09:58]} 12. Nxf6+ {[%clk 00:57:39]} {[%emt 00:11:30]} Bxf6 {[%clk
00:55:02]} {[%emt 00:02:52]} 13. Bxf6 {[%clk 00:58:04]} {[%emt 00:00:05]} Qxf6
{[%clk 00:54:32]} {[%emt 00:00:59]} 14. Re1 {[%clk 00:58:11]} {[%emt 00:00:23]}
Rd8 {[%clk 00:51:08]} {[%emt 00:03:55]} 15. Qg4 {[%clk 00:47:30]} {[%emt
00:11:10]} Qe7 {[%clk 00:43:25]} {[%emt 00:08:13]} 16. Rad1 {[%clk 00:47:24]}
{[%emt 00:00:36]} Qc7 {[%clk 00:36:55]} {[%emt 00:07:00]} 17. Qh4 {[%clk
00:33:58]} {[%emt 00:13:56]} Re8 {[%clk 00:25:53]} {[%emt 00:11:34]} 18. Qh5
{[%clk 00:21:58]} {[%emt 00:12:30]} Rf8 {[%clk 00:21:24]} {[%emt 00:04:58]} 19.
Re4 {[%clk 00:15:51]} {[%emt 00:06:37]} Nd7 {[%clk 00:06:58]} {[%emt 00:14:56]}
20. Rg4 {[%clk 00:07:41]} {[%emt 00:08:39]} Nxe5 {[%clk 00:03:30]} {[%emt
00:03:59]} 21. dxe5 {[%clk 00:07:08]} {[%emt 00:01:03]} Rad8 {[%clk 00:02:24]}
{[%emt 00:01:36]} 22. Re1 {[%clk 00:06:43]} {[%emt 00:00:55]} f5 {[%clk
00:01:54]} {[%emt 00:01:00]} 23. exf6 {[%clk 00:05:54]} {[%emt 00:01:20]} Rxf6
{[%clk 00:02:20]} {[%emt 00:00:03]} 24. Be4 {[%clk 00:05:23]} {[%emt 00:01:01]}
h6 {[%clk 00:01:03]} {[%emt 00:01:47]} 25. Rg6 {[%clk 00:03:53]} {[%emt
00:01:59]} Rxg6 {[%clk 00:01:19]} {[%emt 00:00:15]} 26. Qxg6 {[%clk 00:04:17]}
{[%emt 00:00:06]} Qf7 {[%clk 00:00:48]} {[%emt 00:01:00]} 27. Qh7+ {[%clk
00:04:25]} {[%emt 00:00:23]} Kf8 {[%clk 00:01:16]} {[%emt 00:00:02]} 28. c5
{[%clk 00:04:36]} {[%emt 00:00:19]} Rd2 {[%clk 00:01:15]} {[%emt 00:00:31]} 29.
Rf1 {[%clk 00:01:20]} {[%emt 00:03:46]} Ba6 {[%clk 00:00:56]} {[%emt 00:00:49]}
30. Bg6 {[%clk 00:01:35]} {[%emt 00:00:15]} Qg8 {[%clk 00:01:22]} {[%emt
00:00:04]} 31. Qxg8+ {[%clk 00:01:39]} {[%emt 00:00:26]} Kxg8 {[%clk 00:01:49]}
{[%emt 00:00:03]} 32. Re1 {[%clk 00:01:04]} {[%emt 00:01:05]} Bc4 {[%clk
00:02:04]} {[%emt 00:00:14]} 33. b3 {[%clk 00:00:38]} {[%emt 00:00:57]} Bd5
{[%clk 00:02:29]} {[%emt 00:00:04]} 34. cxb6 {[%clk 00:00:35]} {[%emt
00:00:34]} axb6 {[%clk 00:02:56]} {[%emt 00:00:04]} 35. a4 {[%clk 00:00:41]}
{[%emt 00:00:24]} Bxb3 {[%clk 00:02:36]} {[%emt 00:00:50]} 36. Rb1 {[%clk
00:01:00]} {[%emt 00:00:10]} Rd1+ {[%clk 00:02:50]} {[%emt 00:00:15]} 37. Rxd1
{[%clk 00:01:17]} {[%emt 00:00:13]} Bxd1 {[%clk 00:03:16]} {[%emt 00:00:05]}
 0-1

[Event "1st 4NCL Easter Congress"]
[Site "Stevenage"]
[Date "2019.04.22"]
[Round "7"]
[Board "8"]
[White "Merriman, John"]
[Black "Eames, Robert S"]
[Result "1/2-1/2"]
[WhiteElo "2238"]
[BlackElo "2134"]
[PlyCount "0"]
[EventDate "2019.04.19"]
[EventRounds "7"]
[EventCountry "ENG"]

1. d4 {[%clk 01:30:42]} {[%emt 00:00:18]} Nf6 {[%clk 01:30:25]} {[%emt
00:00:34]} 2. c4 {[%clk 01:31:08]} {[%emt 00:00:05]} c5 {[%clk 01:30:45]}
{[%emt 00:00:11]} 3. d5 {[%clk 01:31:32]} {[%emt 00:00:05]} b5 {[%clk
01:31:09]} {[%emt 00:00:06]} 4. cxb5 {[%clk 01:31:58]} {[%emt 00:00:05]} a6
{[%clk 01:31:33]} {[%emt 00:00:05]} 5. bxa6 {[%clk 01:32:23]} {[%emt 00:00:05]}
g6 {[%clk 01:31:37]} {[%emt 00:00:25]} 6. Nc3 {[%clk 01:32:47]} {[%emt
00:00:07]} Bg7 {[%clk 01:31:43]} {[%emt 00:00:24]} 7. e4 {[%clk 01:33:05]}
{[%emt 00:00:13]} O-O {[%clk 01:32:00]} {[%emt 00:00:12]} 8. Nf3 {[%clk
01:31:04]} {[%emt 00:02:31]} Qa5 {[%clk 01:32:13]} {[%emt 00:00:17]} 9. Bd2
{[%clk 01:13:53]} {[%emt 00:17:41]} Bxa6 {[%clk 01:32:18]} {[%emt 00:00:25]} 10.
Bxa6 {[%clk 01:08:52]} {[%emt 00:05:32]} Qxa6 {[%clk 01:32:28]} {[%emt
00:00:19]} 11. Qe2 {[%clk 01:08:32]} {[%emt 00:00:50]} d6 {[%clk 01:32:42]}
{[%emt 00:00:16]} 12. a4 {[%clk 00:59:43]} {[%emt 00:09:19]} Nbd7 {[%clk
01:27:31]} {[%emt 00:05:42]} 13. Ra3 {[%clk 00:36:29]} {[%emt 00:23:43]} Qxe2+
{[%clk 01:26:23]} {[%emt 00:01:37]} 14. Kxe2 {[%clk 00:36:53]} {[%emt
00:00:52]}  1/2-1/2